Marketing research :within a changing information environment. / (Record no. 894)
[ view plain ]
| 000 -LEADER | |
|---|---|
| fixed length control field | 02419cam a22003254a 4500 |
| 001 - CONTROL NUMBER | |
| control field | 12649869 |
| 005 - DATE AND TIME OF LATEST TRANSACTION | |
| control field | 20210414113940.0 |
| 008 - FIXED-LENGTH DATA ELEMENTS--GENERAL INFORMATION | |
| fixed length control field | 020118s2003 maua 001 0 eng |
| 010 ## - LIBRARY OF CONGRESS CONTROL NUMBER | |
| LC control number | 2002018857 |
| 020 ## - INTERNATIONAL STANDARD BOOK NUMBER | |
| International Standard Book Number | 0072467576 (alk. paper) |
| 020 ## - INTERNATIONAL STANDARD BOOK NUMBER | |
| International Standard Book Number | 0071151192 (International : alk. paper) |
| 040 ## - CATALOGING SOURCE | |
| Original cataloging agency | DLC |
| Transcribing agency | DLC |
| Modifying agency | DLC |
| 042 ## - AUTHENTICATION CODE | |
| Authentication code | pcc |
| 050 00 - LIBRARY OF CONGRESS CALL NUMBER | |
| Classification number | HF5415.2.H258 |
| 082 00 - DEWEY DECIMAL CLASSIFICATION NUMBER | |
| Classification number | 658.8/3 |
| Edition number | 21 |
| 100 1# - MAIN ENTRY--PERSONAL NAME | |
| Personal name | Hair, Joseph F. |
| 245 10 - TITLE STATEMENT | |
| Title | Marketing research :within a changing information environment. / |
| Statement of responsibility, etc. | Joseph F. Hair, Jr., Robert P. Bush, David J. Ortinau. |
| 250 ## - EDITION STATEMENT | |
| Edition statement | 2nd ed. |
| 260 ## - PUBLICATION, DISTRIBUTION, ETC. | |
| Place of publication, distribution, etc. | Boston : |
| Name of publisher, distributor, etc. | McGraw-Hill/Irwin, |
| Date of publication, distribution, etc. | c2003. |
| 300 ## - PHYSICAL DESCRIPTION | |
| Extent | xxiii, 672 p. : |
| Other physical details | ill. ; |
| Dimensions | 27 cm. + |
| 440 #0 - SERIES STATEMENT/ADDED ENTRY--TITLE | |
| Title | McGraw-Hill/Irwin series in marketing |
| 500 ## - GENERAL NOTE | |
| General note | Includes bibliographical references and index. |
| 505 ## - FORMATTED CONTENTS NOTE | |
| Formatted contents note | Contents: Marketing research information and technology: The Role of marketing research in strategic planning -- The Research process -- Problem definition, research objectives, and marketing research ethics -- Strategic information management: secondary data sources -- Customer relationship management and the marketing research process -- Designing the marketing research project: Marketing and dtabase development -- Marketing decision support systems and business intelligence -- Exploratory designs: in-depth interviews and focus groups -- Descriptive research designs: survey methods and errors -- Observation techniques, experiments and test markets -- Gathering and collecting accurate data: Sampling: theory, designs, and issues in marketing research -- Overview of measurement: construct development and scale measurement -- Attitude scale measurement used in scale survey research -- Questionnaire designs and issues -- Data preparation, analysis and reporting the results: Coding editing and preparing data for analysis -- Data analysis: testing for significant differences -- Data analysis: testing for association -- Data analysis: multiariate techniques for the research process -- Preparing the marketing research report and presentation -- Appendix of statistical tables. |
| 650 #0 - SUBJECT ADDED ENTRY--TOPICAL TERM | |
| Topical term or geographic name entry element | Marketing research. |
| 700 1# - ADDED ENTRY--PERSONAL NAME | |
| Personal name | Bush, Robert P. |
| 700 1# - ADDED ENTRY--PERSONAL NAME | |
| Personal name | Ortinau, David J. |
| 906 ## - LOCAL DATA ELEMENT F, LDF (RLIN) | |
| a | 7 |
| b | cbc |
| c | orignew |
| d | 1 |
| e | ocip |
| f | 20 |
| g | y-gencatlg |
| 942 ## - ADDED ENTRY ELEMENTS (KOHA) | |
| Source of classification or shelving scheme | Library of Congress Classification |
| Koha item type | Books |
| Withdrawn status | Lost status | Source of classification or shelving scheme | Damaged status | Not for loan | Home library | Current library | Shelving location | Date acquired | Total Checkouts | Full call number | Barcode | Date last seen | Copy number | Price effective from | Koha item type |
|---|---|---|---|---|---|---|---|---|---|---|---|---|---|---|---|
| Library of Congress Classification | WISCONSIN INTERNATIONAL UNIVERSITY COLLEGE, GHANA - MAIN LIBRARY | WISCONSIN INTERNATIONAL UNIVERSITY COLLEGE, GHANA - MAIN LIBRARY | General Stacks | 16/05/2012 | HF5415.2.H258 | 2165/12 | 16/05/2012 | 1 | 16/05/2012 | Books | |||||
| Library of Congress Classification | WISCONSIN INTERNATIONAL UNIVERSITY COLLEGE, GHANA - MAIN LIBRARY | WISCONSIN INTERNATIONAL UNIVERSITY COLLEGE, GHANA - MAIN LIBRARY | General Stacks | 16/05/2012 | HF5415.2.H2581 | 2166/12 | 16/05/2012 | 2 | 16/05/2012 | Books | |||||
| Library of Congress Classification | WISCONSIN INTERNATIONAL UNIVERSITY COLLEGE, GHANA - MAIN LIBRARY | WISCONSIN INTERNATIONAL UNIVERSITY COLLEGE, GHANA - MAIN LIBRARY | General Stacks | 16/05/2012 | HF5415.2.H2582 | 2167/12 | 16/05/2012 | 3 | 16/05/2012 | Books | |||||
| Library of Congress Classification | WISCONSIN INTERNATIONAL UNIVERSITY COLLEGE, GHANA - MAIN LIBRARY | WISCONSIN INTERNATIONAL UNIVERSITY COLLEGE, GHANA - MAIN LIBRARY | General Stacks | 16/05/2012 | HF5415.2.H2583 | 2168/12 | 16/05/2012 | 4 | 16/05/2012 | Books |
